<?xml version="1.0" encoding="UTF-8"?>
<record
    xmlns:xsi="http://www.w3.org/2001/XMLSchema-instance"
    xsi:schemaLocation="http://www.loc.gov/MARC21/slim http://www.loc.gov/standards/marcxml/schema/MARC21slim.xsd"
    xmlns="http://www.loc.gov/MARC21/slim">

  <leader>01243nam a2200337 i 4500</leader>
  <controlfield tag="001">194932</controlfield>
  <controlfield tag="003">SpMaBN</controlfield>
  <controlfield tag="005">20250303062553.0</controlfield>
  <controlfield tag="007">ta</controlfield>
  <controlfield tag="008">240522s1943    sp                j spa  </controlfield>
  <datafield tag="016" ind1="7" ind2=" ">
    <subfield code="a">bimoBNE19995286304</subfield>
    <subfield code="z">IND9600679248</subfield>
    <subfield code="2">SpMaBN</subfield>
  </datafield>
  <datafield tag="035" ind1=" " ind2=" ">
    <subfield code="a">(OCoLC)733567894</subfield>
  </datafield>
  <datafield tag="035" ind1=" " ind2=" ">
    <subfield code="a">bimo0001273992</subfield>
  </datafield>
  <datafield tag="040" ind1=" " ind2=" ">
    <subfield code="a">SpMaBN</subfield>
    <subfield code="b">spa</subfield>
    <subfield code="c">CDM</subfield>
    <subfield code="d">SpMaBN</subfield>
    <subfield code="e">ES-MaACL</subfield>
  </datafield>
  <datafield tag="080" ind1=" " ind2=" ">
    <subfield code="a">821.134.2-31"18"</subfield>
  </datafield>
  <datafield tag="100" ind1="1" ind2=" ">
    <subfield code="a">Pardo Baz&#xE1;n, Emilia,</subfield>
    <subfield code="c">Condesa de,</subfield>
    <subfield code="d">1851-1921</subfield>
    <subfield code="0">XX1104029</subfield>
    <subfield code="9">176434</subfield>
  </datafield>
  <datafield tag="245" ind1="1" ind2="4">
    <subfield code="a">Los pazos de Ulloa :</subfield>
    <subfield code="b">una gran novela completa /</subfield>
    <subfield code="c">Emilia Pardo Baz&#xE1;n.</subfield>
  </datafield>
  <datafield tag="260" ind1=" " ind2=" ">
    <subfield code="a">Madrid :</subfield>
    <subfield code="b">D&#xE9;dalo,</subfield>
    <subfield code="c">[1943].</subfield>
  </datafield>
  <datafield tag="300" ind1=" " ind2=" ">
    <subfield code="a">47 p. ;</subfield>
    <subfield code="c">29 cm</subfield>
  </datafield>
  <datafield tag="336" ind1=" " ind2=" ">
    <subfield code="2">rdacontent</subfield>
    <subfield code="a">texto</subfield>
  </datafield>
  <datafield tag="337" ind1=" " ind2=" ">
    <subfield code="2">rdamedia</subfield>
    <subfield code="a">sin mediaci&#xF3;n</subfield>
  </datafield>
  <datafield tag="338" ind1=" " ind2=" ">
    <subfield code="2">rdacarrier</subfield>
    <subfield code="a">volumen</subfield>
  </datafield>
  <datafield tag="490" ind1="1" ind2=" ">
    <subfield code="a">Novelas y cuentos</subfield>
  </datafield>
  <datafield tag="773" ind1=" " ind2=" ">
    <subfield code="0">194867</subfield>
    <subfield code="9">202503</subfield>
    <subfield code="g">G-15982</subfield>
    <subfield code="a">Obras encuadernadas juntas</subfield>
  </datafield>
  <datafield tag="830" ind1=" " ind2=" ">
    <subfield code="9">236505</subfield>
    <subfield code="a">Novelas y cuentos (D&#xE9;dalo)</subfield>
  </datafield>
  <datafield tag="852" ind1=" " ind2=" ">
    <subfield code="a">ES-MaACL</subfield>
    <subfield code="c">DEPO2</subfield>
    <subfield code="j">G-15982(16)</subfield>
    <subfield code="h">Legado: Juan Antonio Porto</subfield>
    <subfield code="x">Encuadernado con otras obras formando un volumen facticio</subfield>
    <subfield code="9">202503</subfield>
  </datafield>
  <datafield tag="903" ind1=" " ind2=" ">
    <subfield code="9">93285</subfield>
    <subfield code="a">Porto, Juan Antonio,</subfield>
    <subfield code="q">1</subfield>
    <subfield code="d">1937-2021</subfield>
    <subfield code="e">dnr</subfield>
  </datafield>
  <datafield tag="942" ind1=" " ind2=" ">
    <subfield code="n">0</subfield>
    <subfield code="c">FOLLETOS</subfield>
  </datafield>
  <datafield tag="999" ind1=" " ind2=" ">
    <subfield code="c">194932</subfield>
    <subfield code="d">194932</subfield>
  </datafield>
</record>
